=LDR 00000nam 2200000 4500 =001 INLIS000000000002106 =005 20130612090454 =008 ***********************************Ind** =035 ##$$0010-061300000002106 =041 ##$$a Ind =082 ##$$a 959.8 =090 ##$$a 959.8, Nag b =100 ##$$a Nayazumi,Akira =245 ##$$a Bangkitnya nasionalisme Indonesia, Budi Utomo 1908-1918, Akira Nayazumi =260 ##$$a 1989 $b Jakarta =300 ##$$a xxviii,300 hlm, ilus, 21 cm =650 ##$$a Indonesia =650 ##$$a Sejarah =850 ##$$a NBPNMAT =990 ##$$a 70997099 =990 ##$$a 01201807099 =990 ##$$a 70.978/Pro.94